Simply Spirit: (Record no. 186849)
[ view plain ]
| 000 -LEADER | |
|---|---|
| fixed length control field | 00580nam a22001817a 4500 |
| 005 - DATE AND TIME OF LATEST TRANSACTION | |
| control field | 20220321142815.0 |
| 010 ## - LCCN (DPL NO) | |
| LC control number | ENG-132045 |
| 020 ## - INTERNATIONAL STANDARD BOOK NUMBER | |
| International Standard Book Number | 9789386755490 |
| Terms of availability | 200.00 |
| 035 ## - SYSTEM CONTROL NUMBER | |
| System control number | EN-115577 |
| 037 ## - SOURCE OF ACQUISITION | |
| Source of stock number/acquisition | DBAD |
| 082 ## - DEWEY DECIMAL CLASSIFICATION NUMBER | |
| Classification number | 150 |
| 100 ## - MAIN ENTRY--PERSONAL NAME | |
| Personal name | Sheeba, Ayesha |
| 245 ## - TITLE STATEMENT | |
| Title | Simply Spirit: |
| Remainder of title | Empower Your Soul/ |
| Statement of responsibility, etc | Ayesha Sheeba |
| 260 ## - PUBLICATION, DISTRIBUTION, ETC. (IMPRINT) | |
| Place of publication, distribution, etc | Chennai |
| Name of publisher, distributor, etc | Unique Media Integrators |
| Date of publication, distribution, etc | 2018 |
| 270 ## - ADDRESS | |
| Address | #8, 6th Cross, 8th Main Road, Vaishnavi Nagar, Thirumullaivoyal |
| City | Chennai |
| Postal code | 600109 |
| Electronic mail address | umi.infobooks@gmail.com |
| 300 ## - PHYSICAL DESCRIPTION | |
| Extent | 140p |
| Dimensions | 21cm(pbk) |
| 942 ## - ADDED ENTRY ELEMENTS (KOHA) | |
| Source of classification or shelving scheme | Dewey Decimal Classification |
| Item type | English Books |
| Classification part | 150 |
| Call number suffix | SHE |
| Withdrawn status | Lost status | Not for loan | Collection code | Home library | Current library | Date acquired | Source of acquisition | Cost, normal purchase price | Full call number | Barcode | Copy number | Cost, replacement price | Koha item type |
|---|---|---|---|---|---|---|---|---|---|---|---|---|---|
| Non-fiction | Patel Nagar | Patel Nagar | 21/03/2022 | DBAD/PUB | 200.00 | 150 SHE | EN-115577 | 1 | 200.00 | English Books |
